Základy práva životného prostredia. 4
Právna úprava starostlivosti o poľnohospodársky pôdny fond, súvisiaca s právnou úpravou administratívnoprávnej zodpovednosti právnických a fyzických osôb.
Gespeichert in:
| 1. Verfasser: | |
|---|---|
| Format: | Buchkapitel |
| Sprache: | Slowakisch |
| Schlagworte: | |
| Tags: |
Keine Tags, Fügen Sie das erste Tag hinzu!
|
MARC
| LEADER | 00000naa a2200000 4500 | ||
|---|---|---|---|
| 001 | r016315 | ||
| 005 | 20221213114914.2 | ||
| 041 | 0 | |a slo | |
| 044 | |a SK | ||
| 245 | 1 | 0 | |a Základy práva životného prostredia. 4 |c Soňa Košičiarová |
| 520 | |a Právna úprava starostlivosti o poľnohospodársky pôdny fond, súvisiaca s právnou úpravou administratívnoprávnej zodpovednosti právnických a fyzických osôb. | ||
| 610 | 2 | 0 | |a ochrana prostredia životného |
| 610 | 2 | 0 | |a poľnohospodárstvo |
| 610 | 2 | 0 | |a pôda |
| 610 | 2 | 0 | |a fond pôdny |
| 610 | 2 | 0 | |a predpisy právne |
| 610 | 2 | 0 | |a právo ochrany prostredia |
| 610 | 2 | 0 | |a zodpovednosť |
| 100 | 1 | |a Košičiarová, Soňa | |